000 00745nam a2200265Ia 4500
003 OSt
005 20221005084254.0
006 a|||||r|||| 00| 0
007 ta
008 221004b |||||||| |||| 00| 0 eng d
020 _a0691028834
024 _a28866
037 _cTextual
040 _aCRL
_cCRL
_beng
041 _2eng
_aeng
082 _aP41, N6.1-.2
100 _aChou Chih-P'ing
_9613173
245 0 _aTrip to China
_b Intermediate reader of modern Chinese 2V
260 _aNew Jersey
_bPrinceton University Press
_c1996
300 _a174p., 265p.
_ccm.
650 _a LINGUISTICS
650 _aCHINESE LANGUAGE
_9224250
942 _hP41, N6.1-.2
_cTEXL
_2cc
999 _c992270
_d992270